Eastern Utah Libraries Catalog: Duchesne, Heber, Roosevelt, & Vernal

Volcano : (Record no. 368191)

MARC details
000 -LEADER
fixed length control field 01581nam a2200313 i 4500
001 - CONTROL NUMBER
control field sky304379945
003 - CONTROL NUMBER IDENTIFIER
control field SKY
005 - DATE AND TIME OF LATEST TRANSACTION
control field 20211202154242.0
008 - FIXED-LENGTH DATA ELEMENTS--GENERAL INFORMATION
fixed length control field 210326s2021 mnuab c b 001 0 eng
010 ## - LIBRARY OF CONGRESS CONTROL NUMBER
LC control number 2021002467
020 ## - INTERNATIONAL STANDARD BOOK NUMBER
International Standard Book Number 9781684462063
020 ## - INTERNATIONAL STANDARD BOOK NUMBER
International Standard Book Number 1684462061
040 ## - CATALOGING SOURCE
Original cataloging agency DLC
Language of cataloging eng
Description conventions rda
Transcribing agency DLC
Modifying agency ICrlF
-- SKYRV
082 00 - DEWEY DECIMAL CLASSIFICATION NUMBER
Classification number 551.21
092 ## - LOCALLY ASSIGNED DEWEY CALL NUMBER (OCLC)
Classification number J 551.21 Cer
099 ## - LOCAL FREE-TEXT CALL NUMBER (OCLC)
Classification number 551.21 Cerullo, M. 2021
100 1# - MAIN ENTRY--PERSONAL NAME
Personal name Cerullo, Mary M.
9 (RLIN) 37634
245 10 - TITLE STATEMENT
Title Volcano :
Remainder of title where fire and water meet /
Statement of responsibility, etc by Mary M. Cerullo.
264 #1 - Production, Publication, Distribution, Manufacture, and Copyright Notice.
Place of production, publication, distribution, manufacture North Mankato, Minnesota :
Name of producer, publisher, distributor, manufacturer Capstone Editions,
Date of production, publication, distribution, manufacture, or copyr [2021]
300 ## - PHYSICAL DESCRIPTION
Extent 48 pages :
Other physical details color illustrations, color maps ;
Dimensions 29 cm.
504 ## - BIBLIOGRAPHY, ETC. NOTE
Bibliography, etc Includes bibliographical references (page 47) and index.
520 ## - SUMMARY, ETC.
Summary, etc "Lava shoots in the air, then bubbles down mountains, flattening, burning, and boiling everything in its path. The destructive forces of volcanoes are terrifying and well-known. But what about their other forces? Volcanoes can spur new growth of plants and trees. In the water, they create an environment where coral reefs and sea life can thrive. In fact, the meeting of volcanic fire and ocean water gave way to life on Earth. Stitching science, history, and mythology together, [the author] explores these explosive wonders of nature and reveals the secrets they've been keeping since the beginning of the world"--Provided by publisher.
650 #0 - SUBJECT ADDED ENTRY--TOPICAL TERM
Topical term or geographic name as entry element Volcanoes
Form subdivision Juvenile literature.
9 (RLIN) 5693197
907 ## - LOCAL DATA ELEMENT G, LDG (RLIN)
a .b455898716
942 ## - ADDED ENTRY ELEMENTS (KOHA)
Source of classification or shelving scheme Dewey Decimal Classification
Koha item type BOOK
Holdings
Withdrawn status Lost status Source of classification or shelving scheme Damaged status Not for loan Collection code Home library Current library Shelving location Date acquired Source of acquisition Total Checkouts Total Renewals Full call number Barcode Date last seen Date checked out Cost, replacement price Price effective from Koha item type
    Dewey Decimal Classification     Junior NonFiction Wasatch County Library Wasatch County Library Second Floor 12/02/2021 Rainbow Books 13 13 J 551.21 Cer 34301001886797 02/04/2026 01/20/2026 18.99 12/02/2021 BOOK
This project was made possible through a grant from the Institute of Museum and Library Service administered by the Utah State Library Division.

Wasatch County Library

  • 465 East 1200 South, Heber City, Utah 84032
  • Phone 435-654-1511 | Fax 435-654-6456

Hours

  • Monday - Friday 9:30 AM - 8:00 PM
  • Saturday 9:30 AM - 1:30 PM
  • Closed Sundays and Holidays